what is literature? (Record no. 4240)

MARC details
000 -LEADER
fixed length control field 00503cam a2200193ua 4500
008 - FIXED-LENGTH DATA ELEMENTS--GENERAL INFORMATION
fixed length control field 120303n ii |||gr||||Z||||||eng
020 ## - INTERNATIONAL STANDARD BOOK NUMBER
International Standard Book Number 0-415-25404-3
040 ## - CATALOGING SOURCE
Transcribing agency MAIN
082 ## - DEWEY DECIMAL CLASSIFICATION NUMBER
Classification number 840
100 ## - MAIN ENTRY--PERSONAL NAME
Personal name Paul, Jean,
Relator term
245 11 - TITLE STATEMENT
Title what is literature?
Remainder of title
Statement of responsibility, etc. by Jean Paul Sartre.
250 ## - EDITION STATEMENT
Edition statement 1st.
260 ## - PUBLICATION, DISTRIBUTION, ETC.
Place of publication, distribution, etc. Chennai:
Name of publisher, distributor, etc. Routledge ,
Date of publication, distribution, etc. 2003.
300 ## - PHYSICAL DESCRIPTION
Extent 251p:
Dimensions 23cm.
700 ## - ADDED ENTRY--PERSONAL NAME
Personal name Frechtman, Bernard,
Relator term
942 ## - ADDED ENTRY ELEMENTS (KOHA)
Koha item type Books
653 ## - INDEX TERM--UNCONTROLLED
Uncontrolled term Literatures of Romance languages
Holdings
Withdrawn status Lost status Damaged status Not for loan Home library Current library Shelving location Date acquired Total Checkouts Full call number Barcode Date last seen Copy number Price effective from Koha item type
        Central Library, Naharkatiya College Central Library, Naharkatiya College General Stacks 19/09/2020   840 | SAR 15607 19/09/2020 1 19/09/2020 Books

Naharkatiya College © 2020. All rights reserved.

Powered By